Statistiche per Elenca la formazione - Quiz n°144

Clicka qui per fare il quiz!

Statistiche generali

  • Questo quiz è stato fatto 13 volte
  • Il punteggio medio è 9 su 11

Statistiche sulle risposte

RuoloNazioneCalciatore% Corretto
AttaccanteUruguayEdinson Cavani
100%
DifensoreBrasileThiago Silva
100%
CentrocampistaFranciaAdrien Rabiot
92%
CentrocampistaItaliaMarco Verratti
92%
CentrocampistaBrasile / ItaliaThiago Motta
92%
AttaccanteGermaniaJulian Draxler
83%
PortiereGermaniaKevin Trapp
83%
DifensoreFranciaPresnel Kimpembe
83%
AttaccanteArgentinaÁngel Di María
75%
DifensoreCosta d'AvorioSerge Aurier
58%
DifensoreFranciaLayvin Kurzawa
42%

Distribuzione punteggi

Percentile per numero di risposta

Percentuale di utenti per punteggio

I tuoi punteggi nel tempo

Non hai fatto questo quiz